Estadísticas para Partes del cuerpo con 3 letras en inglés

Haz click aquí para tomar la prueba!

Estadísticas generales

  • Esta prueba ha sido tomada 2.114 veces
  • La puntuación promedio es 5 de 10

Estadísticas de respuestas

Parte del cuerpo(inglés)% Correcto
Eye
93%
Arm
82%
Ear
81%
Leg
76%
Toe
68%
Lip
38%
Hip
23%
Rib
13%
Jaw
10%
Gum
7%

Distribución de puntuación

Porcentaje por número respondido

Porcentaje de gente con cada puntuación

Historial de tus puntuaciones

No has tomado esta prueba